000 00942nam0a22002411 4500
001 rc\276234
005 20260407090214.0
035 _a(NLR Aleph) 005500285
090 _a5299747
_c5299747
100 _a20030307d1990 |||y0rusy50 ca
101 0 _arus
102 _aRU
105 _ay |||||||||
200 1 _aЗакономерности и противоречия развития региональной экономики
_eСб. науч. тр.
_fАН СССР. Урал. отд-ние
_g[Отв. ред. А.Н. Силин, С.Г. Важенин]
210 _aСвердловск
_cУрО АН СССР
_d1990 (1991)
215 _a109, [2] с.
_d20
702 1 _aСилин
_bА.Н.
_gАртур Николаевич
_4340
712 0 2 _aАН СССР
_bУральское отделение
_3RU\NLR\AUTH\8814189
_9301525
801 0 _aRU
_bNLR
_gpsbo
801 1 _aRU
_bELAR
_2rusmarc
852 _aNLR
_j91-3/13513
942 _cBOOK
980 _aNB